[Event "Balatonlelle op-B"]
[Site "Balatonlelle"]
[Date "2006.06.25"]
[Round "9.17"]
[White "Haszon, David"]
[Black "Szappanos, Lajos"]
[Result "1/2-1/2"]
[WhiteElo "1819"]
[BlackElo "1893"]
[PlyCount "116"]
[EventDate "2006.06.17"]
[EventType "swiss"]
[EventRounds "9"]
[EventCountry "HUN"]
[SourceTitle "EXT 2007"]
[Source "ChessBase"]
[SourceDate "2006.11.23"]
[SourceVersion "1"]
[SourceVersionDate "2006.11.23"]
[SourceQuality "1"]

1. e4 e5 2. Nf3 Nc6 3. Bb5 Bc5 4. 0-0 d6 5. c3 Bd7 6. d4 exd4 7. Nxd4 Nxd4 8. Bxd7+ Qxd7 9. cxd4 Bb6 10. Nc3 a6 11. Be3 Ne7 12. f4 f5 13. Qf3 0-0 14. e5 c6 15. Rad1 d5 16. Rc1 Ba7 17. b4 b5 18. Rf2 Nc8 19. Nd1 Nb6 20. Nb2 Nc4 21. Nxc4 bxc4 22. Qe2 Bb6 23. h3 Bd8 24. g4 Be7 25. Bd2 Qe6 26. Bc3 Rf7 27. a3 Raf8 28. Rcf1 Bh4 29. Rg2 Be7 30. Bd2 Rb8 31. Kh2 Kh8 32. Rfg1 Rg8 33. g5 g6 34. Kg3 Kg7 35. h4 Kf8 36. Qd1 Bd8 37. Qa4 Ra7 38. Rh2 Qd7 39. Rgh1 Qb7 40. h5 Qb5 41. Qd1 a5 42. hxg6 hxg6 43. Rh8 Rag7 44. Qf1 Qa4 45. Qf3 Qc2 46. Qe3 a4 47. Rxg8+ Kxg8 48. Qf2 Qb3+ 49. Kg2 Qc2 50. Rh3 Bb6 51. Kh2 Qe4 52. Be3 Qd3 53. Qh4 Bxd4 54. Bxd4 Qxd4 55. Qh8+ Kf7 56. e6+ Kxe6 57. Qe8+ Kd6 58. Qb8+ Ke6 1/2-1/2

[Event "Balatonlelle op-B"]
[Site "Balatonlelle"]
[Date "2006.06.21"]
[Round "5.16"]
[White "Gyugyi, Peter"]
[Black "Szappanos, Lajos"]
[Result "0-1"]
[WhiteElo "2122"]
[BlackElo "1893"]
[PlyCount "70"]
[EventDate "2006.06.17"]
[EventType "swiss"]
[EventRounds "9"]
[EventCountry "HUN"]
[SourceTitle "EXT 2007"]
[Source "ChessBase"]
[SourceDate "2006.11.23"]
[SourceVersion "1"]
[SourceVersionDate "2006.11.23"]
[SourceQuality "1"]

1. e4 c5 2. Nf3 d6 3. d4 cxd4 4. Nxd4 Nf6 5. Nc3 a6 6. Be3 e6 7. g4 b5 8. g5 Nfd7 9. a3 Bb7 10. h4 Nc6 11. Nxc6 Bxc6 12. Qd4 Rb8 13. h5 Qb6 14. Qd2 Qb7 15. f3 Ne5 16. Qf2 Be7 17. Rg1 Nc4 18. Bc1 Rd8 19. b3 Nb6 20. Be3 Nc8 21. Bd3 Rd7 22. Ne2 Qc7 23. Nd4 Bb7 24. g6 hxg6 25. hxg6 Bh4 26. gxf7+ Rxf7 27. Rg3 Bxg3 28. Qxg3 Qc3+ 29. Kf2 Qxa1 30. Nxe6 Qe5 31. Qg4 Qh2+ 32. Ke1 Qh4+ 33. Qxh4 Rxh4 34. Ng5 Re7 35. Kf2 d5 0-1

[Event "Balatonlelle op-B"]
[Site "Balatonlelle "]
[Date "2005.06.24"]
[Round "7"]
[White "Szappanos, Lajos"]
[Black "Haszon, Attila"]
[Result "1/2-1/2"]
[WhiteElo "1903"]
[BlackElo "1803"]
[PlyCount "120"]
[EventDate "2005.06.18"]
[EventType "swiss"]
[EventRounds "9"]
[EventCountry "HUN"]
[SourceTitle "EXT 2008"]
[Source "ChessBase"]
[SourceDate "2007.11.25"]
[SourceVersion "1"]
[SourceVersionDate "2007.11.25"]
[SourceQuality "1"]

1. e4 c6 2. d4 d5 3. Nc3 dxe4 4. Nxe4 Bf5 5. Ng3 Bg6 6. h4 h6 7. Nf3 Nd7 8. h5 Bh7 9. Bd3 Bxd3 10. Qxd3 Qc7 11. Bd2 Ngf6 12. 0-0-0 e6 13. Ne4 0-0-0 14. g3 Nxe4 15. Qxe4 Nf6 16. Qe2 Bd6 17. Kb1 Rhe8 18. c4 c5 19. Bc3 cxd4 20. Nxd4 a6 21. Nb3 Qc6 22. Rh4 Bc7 23. Rc1 Rd7 24. Nd4 Qg2 25. Qc2 Red8 26. Nb3 Qf3 27. Nd4 Qg2 28. Rch1 b6 29. R4h2 Qb7 30. Nb3 Qf3 31. Nd2 Qe2 32. f3 Qd3 33. Rg2 Qxc2+ 34. Kxc2 Rd3 35. g4 Bf4 36. Rf1 Kb7 37. a3 Kc6 38. Nb3 Kb7 39. Bd2 Bxd2 40. Rxd2 Rxd2+ 41. Nxd2 a5 42. b4 axb4 43. axb4 Rc8 44. Kb3 Rd8 45. Kc3 Kc6 46. Ra1 Kb7 47. Nb3 Rc8 48. Nd4 Nd5+ 49. Kb3 Ne3 50. Rc1 Rd8 51. Kc3 Nxc4 52. Nb5 Nd6 53. Nd4 Rc8+ 54. Kd2 Rxc1 55. Kxc1 e5 56. Nc2 Kc6 57. Kd2 Kb5 58. Ke3 Kc4 59. b5 Kxb5 60. f4 e4 1/2-1/2

[Event "Balatonlelle op-B"]
[Site "Balatonlelle "]
[Date "2005.06.23"]
[Round "6"]
[White "Drinoczi, Peter"]
[Black "Szappanos, Lajos"]
[Result "1-0"]
[WhiteElo "2131"]
[BlackElo "1903"]
[PlyCount "61"]
[EventDate "2005.06.18"]
[EventType "swiss"]
[EventRounds "9"]
[EventCountry "HUN"]
[SourceTitle "EXT 2008"]
[Source "ChessBase"]
[SourceDate "2007.11.25"]
[SourceVersion "1"]
[SourceVersionDate "2007.11.25"]
[SourceQuality "1"]

1. e4 c5 2. Nf3 d6 3. d4 cxd4 4. Nxd4 Nf6 5. Nc3 a6 6. Be3 e6 7. f3 b5 8. Qd2 Nbd7 9. 0-0-0 Bb7 10. g4 h6 11. h4 b4 12. Na4 Qa5 13. b3 Nc5 14. a3 Nxa4 15. axb4 Qc7 16. bxa4 d5 17. e5 Nd7 18. f4 Nb6 19. f5 Nxa4 20. fxe6 Nc3 21. exf7+ Kxf7 22. Bd3 Nxd1 23. Rf1+ Kg8 24. Kxd1 Qxe5 25. Bg6 Be7 26. Bf7+ Kh7 27. Bf4 Qf6 28. Qd3+ g6 29. Be5 Qxf1+ 30. Qxf1 Rhf8 31. h5 1-0